000 00351nam a2200169Ia 4500
003 IT-RoPAU
008 120407s9999 xx 000 0 und d
040 _aIT-RoPAU
040 _cIT-RoPAU
100 _aRené Girard
245 _aLa violence et le sacré
250 _aParis
260 _aGrasset
300 _c cm
490 _v1
942 _cBK
999 _c6543
_d6543